فن الكلام / (رقم التسجيلة. 138160)

تفاصيل مارك
000 -الفاتح
عناصر البيانات ثابتة الطول 00621cam a2200205 i 4500
005 - تاريخ ووقت آخر معاملة
حقل ضبط 20251108175616.0
008 - عناصر البيانات ثابتة الطول
عناصر البيانات ثابتة الطول 250721s2010 ua gr 000 0 ara d
020 ## - الترقيم الدولي المعياري للكتب (ردمك)
الترقيم الدولي المعياري للكتب (ردمك) 97897717765544
082 14 - رقم تصنيف ديوي العشري
رقم التصنيف 153.6
رقم المادة ف ك ر
100 1# - مدخل رئيسي – اسم شخصي
الاسم الشخصي فكري، إيهاب
علاقة الشخص بالعمل/ دوره مؤلف.
245 10 - بيان العنوان
العنوان فن الكلام /
بيان المسؤولية د. ايهاب فكري.
250 ## - بيان الطبعة
بيان الطبعة الطبعة الأ(ولى.
264 1# - بيانات النشر، التوزيع…إلخ
مكان النشر، التوزيع...إلخ القاهرة :
اسم الناشر، الموزع...إلخ دار دون،
تاريخ النشر، التوزيع...إلخ 2010.
300 ## - الوصف المادي
عدد الوحدات المكونة للوعاء 121صفحة.
650 17 - مدخل إضافي بالموضوع - مصطلح موضوعي
مصطلح موضوعي أو اسم جغرافي كعنصر مدخل اداب السلوك.
650 17 - مدخل إضافي بالموضوع - مصطلح موضوعي
مصطلح موضوعي أو اسم جغرافي كعنصر مدخل مهارات الاتصال.
650 17 - مدخل إضافي بالموضوع - مصطلح موضوعي
مصطلح موضوعي أو اسم جغرافي كعنصر مدخل الكلام.
942 ## - بيانات إضافية (كوها)
نوع التنصيف Dewey Decimal Classification
نوع المادة (كوها) كتب
المقتنيات
حالة السحب حالة الفقدان مصدر التصنيف حالة التلف غير قابل للإعارة المكتبة الرئيسية المكتبة الحالية موقع الرف تاريخ التزويد الرقم المتسلسل Total Checkouts رقم الإستدعاء الباركود تاريخ آخر ظهور تاريخ الفاتورة نوع المادة (كوها)
    Dewey Decimal Classification     المكتبة المركزية المكتبة المركزية الإعارة 28/07/2025 1691220   153.6 / ف ك ر PLD00436489 28/07/2025 28/07/2025 كتب
Implemented & Customized by: BBB with SCIT (Smart Chains for Information Technology)

Powered by Koha